Austria : Publication of Financial Sector Assessment Program Documentation-Detailed Assessment of Basel Core Principles for Effective Banking Supervision.

This paper discusses key findings of the Detailed Assessment of Basel Core Principles for Effective Banking Supervision on Austria. Since the outbreak of the financial crisis, some Austrian credit institutions had to be nationalized as an ad hoc measure to prevent contagion effects and to preserve f...

Celý popis

Podrobná bibliografie
Korporativní autor: International Monetary Fund. Monetary and Capital Markets Department
Médium: Časopis
Jazyk:English
Vydáno: Washington, D.C. : International Monetary Fund, 2014.
Edice:IMF Staff Country Reports; Country Report ; No. 2014/013
On-line přístup:Full text available on IMF
LEADER 01848cas a2200241 a 4500
001 AALejournalIMF014157
008 230101c9999 xx r poo 0 0eng d
020 |c 5.00 USD 
020 |z 9781484374948 
022 |a 1934-7685 
040 |a BD-DhAAL  |c BD-DhAAL 
110 2 |a International Monetary Fund.  |b Monetary and Capital Markets Department. 
245 1 0 |a Austria :   |b Publication of Financial Sector Assessment Program Documentation-Detailed Assessment of Basel Core Principles for Effective Banking Supervision. 
264 1 |a Washington, D.C. :  |b International Monetary Fund,  |c 2014. 
300 |a 1 online resource (322 pages) 
490 1 |a IMF Staff Country Reports 
500 |a <strong>Off-Campus Access:</strong> No User ID or Password Required 
500 |a <strong>On-Campus Access:</strong> No User ID or Password Required 
506 |a Electronic access restricted to authorized BRAC University faculty, staff and students 
520 3 |a This paper discusses key findings of the Detailed Assessment of Basel Core Principles for Effective Banking Supervision on Austria. Since the outbreak of the financial crisis, some Austrian credit institutions had to be nationalized as an ad hoc measure to prevent contagion effects and to preserve financial stability. Bank capital ratios are improving but still lag behind other internationally active banks. Bank profits have been affected by low net interest income and risk provisioning reflecting higher nonperforming loans ratios. Austrian banks' funding structure is relatively stable, and financing conditions have improved since the peak of the crisis. 
538 |a Mode of access: Internet 
830 0 |a IMF Staff Country Reports; Country Report ;  |v No. 2014/013 
856 4 0 |z Full text available on IMF  |u http://elibrary.imf.org/view/journals/002/2014/013/002.2014.issue-013-en.xml  |z IMF e-Library